[Event "High League 2022 women"]
[Site "Obninsk"]
[Date "2022.06.29"]
[Round "4.7"]
[White "Loskutova, Viktoriya"]
[Black "Charochkina, Daria"]
[Result "0-1"]
[LiveChessVersion "1.4.7"]
[BlackElo "2335"]
[WhiteElo "2153"]

1. e4 {[%clk 1:30:59]} e5 {[%clk 1:30:55]} 2. Nf3 {[%clk 1:31:25]} Nc6
{[%clk 1:31:22]} 3. Bb5 {[%clk 1:31:50]} Nge7 {[%clk 1:31:46]} 4. O-O
{[%clk 1:32:06]} g6 {[%clk 1:32:05]} 5. c3 {[%clk 1:32:10]} a6 {[%clk 1:32:27]}
6. Ba4 {[%clk 1:32:33]} Bg7 {[%clk 1:32:43]} 7. d4 {[%clk 1:32:37]} exd4
{[%clk 1:33:00]} 8. cxd4 {[%clk 1:33:01]} b5 {[%clk 1:33:14]} 9. Bb3
{[%clk 1:28:43]} O-O {[%clk 1:33:13]} 10. Nc3 {[%clk 1:25:31]} d6
{[%clk 1:33:05]} 11. h3 {[%clk 1:25:11]} Na5 {[%clk 1:33:01]} 12. Bc2
{[%clk 1:25:16]} c5 {[%clk 1:32:41]} 13. Bg5 {[%clk 0:59:58]} h6 {[%clk 1:32:56]}
14. Bh4 {[%clk 1:00:03]} Nac6 {[%clk 1:32:51]} 15. d5 {[%clk 0:51:08]} Nd4
{[%clk 1:33:06]} 16. Nxd4 {[%clk 0:49:20]} Bxd4 {[%clk 1:33:10]} 17. Rb1
{[%clk 0:46:41]} f5 {[%clk 1:30:20]} 18. exf5 {[%clk 0:43:36]} g5
{[%clk 1:30:36]} 19. Bg3 {[%clk 0:36:15]} Nxf5 {[%clk 1:30:53]} 20. Bh2
{[%clk 0:32:29]} Ra7 {[%clk 1:22:51]} 21. Ne2 {[%clk 0:29:55]} Bg7
{[%clk 1:23:01]} 22. Ng3 {[%clk 0:22:05]} Nd4 {[%clk 1:15:27]} 23. Bd3
{[%clk 0:20:27]} Be5 {[%clk 0:49:04]} 24. Ne2 {[%clk 0:13:56]} Bxh2+
{[%clk 0:44:28]} 25. Kxh2 {[%clk 0:14:24]} Qf6 {[%clk 0:44:39]} 26. Kg1
{[%clk 0:08:27]} Re7 {[%clk 0:38:10]} 27. b4 {[%clk 0:04:30]} Nxe2+
{[%clk 0:35:53]} 28. Bxe2 {[%clk 0:04:58]} c4 {[%clk 0:36:10]} 29. a4
{[%clk 0:03:22]} Bf5 {[%clk 0:27:51]} 30. Ra1 {[%clk 0:02:25]} Qb2
{[%clk 0:28:05]} 31. Bf3 {[%clk 0:02:01]} Qxb4 {[%clk 0:27:51]} 32. axb5
{[%clk 0:02:23]} Bd3 {[%clk 0:11:52]} 33. bxa6 {[%clk 0:02:02]} Bxf1
{[%clk 0:12:20]} 34. Qxf1 {[%clk 0:02:20]} Rfe8 {[%clk 0:11:32]} 35. Kh2
{[%clk 0:02:39]} c3 {[%clk 0:05:10]} 36. Qd3 {[%clk 0:02:24]} Kg7
{[%clk 0:03:11]} 37. Rb1 {[%clk 0:01:11]} Qf4+ {[%clk 0:02:37]} 38. g3
{[%clk 0:01:35]} Qd2 {[%clk 0:02:20]} 39. Qxd2 {[%clk 0:01:41]} cxd2
{[%clk 0:02:49]} 40. Rd1 {[%clk 0:31:36]} Rf8 {[%clk 0:30:59]} 41. Kg2
{[%clk 0:30:48]} Ref7 {[%clk 0:25:12]} 42. a7 {[%clk 0:30:38]} Rxf3
{[%clk 0:25:02]} 43. a8=Q {[%clk 0:30:46]} Rxf2+ {[%clk 0:25:29]} 44. Kg1
{[%clk 0:31:12]} Rf1+ {[%clk 0:25:53]} 45. Rxf1 {[%clk 0:31:38]} Rxa8
{[%clk 0:26:20]} 46. Rd1 {[%clk 0:31:03]} Ra3 {[%clk 0:19:06]} 47. Rxd2
{[%clk 0:31:22]} Rxg3+ {[%clk 0:19:32]} 48. Kh2 {[%clk 0:31:46]} Re3
{[%clk 0:19:57]} 49. Kg2 {[%clk 0:26:23]} Kf6 {[%clk 0:19:24]} 50. Rd1
{[%clk 0:25:14]} Ke5 {[%clk 0:18:25]} 51. Rd2 {[%clk 0:25:20]} Re4
{[%clk 0:16:22]} 52. Kg3 {[%clk 0:25:24]} Rd4 {[%clk 0:16:10]} 53. Rf2
{[%clk 0:24:15]} Kxd5 {[%clk 0:16:05]} 54. Rf5+ {[%clk 0:22:55]} Ke6
{[%clk 0:16:17]} 55. Ra5 {[%clk 0:23:17]} Rh4 {[%clk 0:16:01]} 56. Ra8
{[%clk 0:20:01]} d5 {[%clk 0:16:07]} 57. Re8+ {[%clk 0:20:06]} Kd6
{[%clk 0:16:22]} 58. Rd8+ {[%clk 0:20:04]} Kc5 {[%clk 0:16:35]} 59. Rc8+
{[%clk 0:20:15]} Kd4 {[%clk 0:16:50]} 60. Ra8 {[%clk 0:19:53]} Ke4
{[%clk 0:16:26]} 61. Ra4+ {[%clk 0:19:33]} d4 {[%clk 0:16:44]} 0-1

[Event "High League 2022 women"]
[Site "Obninsk"]
[Date "2022.06.29"]
[Round "4.8"]
[White "Kovanova, Baira"]
[Black "Pogorelskikh, Sofia"]
[Result "1-0"]
[LiveChessVersion "1.4.7"]
[BlackElo "2138"]
[WhiteElo "2317"]

1. e4 {[%clk 1:30:58]} c5 {[%clk 1:30:53]} 2. Nf3 {[%clk 1:31:25]} Nc6
{[%clk 1:31:15]} 3. Bb5 {[%clk 1:31:51]} g6 {[%clk 1:31:37]} 4. O-O
{[%clk 1:32:02]} Bg7 {[%clk 1:31:53]} 5. Re1 {[%clk 1:32:25]} Nh6
{[%clk 1:24:54]} 6. Bxc6 {[%clk 1:30:26]} bxc6 {[%clk 1:25:07]} 7. c3
{[%clk 1:26:11]} O-O {[%clk 1:24:41]} 8. d4 {[%clk 1:26:06]} d5 {[%clk 1:21:17]}
9. exd5 {[%clk 1:12:14]} cxd5 {[%clk 1:15:13]} 10. dxc5 {[%clk 1:07:27]} Bg4
{[%clk 1:00:50]} 11. Bxh6 {[%clk 1:04:39]} Bxh6 {[%clk 1:00:44]} 12. h3
{[%clk 1:05:02]} Bxf3 {[%clk 0:59:08]} 13. Qxf3 {[%clk 1:05:31]} e6
{[%clk 0:58:26]} 14. b4 {[%clk 1:03:09]} Qc8 {[%clk 0:49:36]} 15. Qd3
{[%clk 0:58:39]} a5 {[%clk 0:48:13]} 16. Nd2 {[%clk 0:53:34]} axb4
{[%clk 0:45:28]} 17. cxb4 {[%clk 0:54:03]} Bg7 {[%clk 0:45:15]} 18. Rab1
{[%clk 0:42:52]} Rxa2 {[%clk 0:44:13]} 19. Nf3 {[%clk 0:41:02]} Rd8
{[%clk 0:35:46]} 20. Ne5 {[%clk 0:35:58]} Qc7 {[%clk 0:31:50]} 21. Nf3
{[%clk 0:33:30]} Rda8 {[%clk 0:24:47]} 22. Rec1 {[%clk 0:32:40]} R8a3
{[%clk 0:22:13]} 23. Qd1 {[%clk 0:27:17]} Rb2 {[%clk 0:13:52]} 24. Rxb2
{[%clk 0:21:05]} Bxb2 {[%clk 0:14:16]} 25. Rb1 {[%clk 0:21:32]} Bf6
{[%clk 0:13:58]} 26. Qd2 {[%clk 0:13:52]} h5 {[%clk 0:07:36]} 27. b5
{[%clk 0:09:00]} Qxc5 {[%clk 0:05:56]} 28. b6 {[%clk 0:09:22]} Qd6
{[%clk 0:05:11]} 29. b7 {[%clk 0:09:00]} Qb8 {[%clk 0:05:32]} 30. Qb4
{[%clk 0:03:14]} Ra2 {[%clk 0:02:32]} 31. Nd4 {[%clk 0:01:39]} Bxd4
{[%clk 0:01:03]} 32. Qxd4 {[%clk 0:02:08]} Rc2 {[%clk 0:00:53]} 33. Qa4
{[%clk 0:02:22]} Rc7 {[%clk 0:00:33]} 34. Qa8 {[%clk 0:02:40]} 1-0

[Event "High League 2022 women"]
[Site "Obninsk"]
[Date "2022.06.29"]
[Round "4.9"]
[White "Shukhman, Anna"]
[Black "Voit, Daria"]
[Result "0-1"]
[LiveChessVersion "1.4.7"]
[BlackElo "2317"]
[WhiteElo "2121"]

1. e4 {[%clk 1:30:55]} e5 {[%clk 1:28:13]} 2. Nf3 {[%clk 1:31:17]} Nc6
{[%clk 1:28:21]} 3. Bc4 {[%clk 1:31:39]} Be7 {[%clk 1:27:37]} 4. O-O
{[%clk 1:29:02]} Nf6 {[%clk 1:27:37]} 5. d4 {[%clk 1:28:25]} d6 {[%clk 1:23:51]}
6. d5 {[%clk 1:24:04]} Nb8 {[%clk 1:24:15]} 7. Bd3 {[%clk 1:23:07]} O-O
{[%clk 1:23:51]} 8. c4 {[%clk 1:23:31]} Nbd7 {[%clk 1:22:33]} 9. Nc3
{[%clk 1:23:09]} Nh5 {[%clk 1:20:25]} 10. Bc2 {[%clk 1:15:24]} g6
{[%clk 1:19:34]} 11. Rb1 {[%clk 1:11:15]} a5 {[%clk 1:18:38]} 12. a3
{[%clk 1:11:31]} Ng7 {[%clk 1:17:00]} 13. b4 {[%clk 1:10:31]} axb4
{[%clk 1:16:10]} 14. axb4 {[%clk 1:10:55]} f5 {[%clk 1:10:15]} 15. Ne1
{[%clk 1:07:06]} fxe4 {[%clk 1:06:09]} 16. Nxe4 {[%clk 1:07:09]} Nf6
{[%clk 1:06:17]} 17. Nxf6+ {[%clk 1:00:57]} Bxf6 {[%clk 1:05:31]} 18. Be4
{[%clk 0:58:52]} Bf5 {[%clk 0:57:17]} 19. f3 {[%clk 0:55:28]} Bg5
{[%clk 0:57:09]} 20. Nd3 {[%clk 0:53:58]} Bxc1 {[%clk 0:34:07]} 21. Qxc1
{[%clk 0:49:17]} Bxe4 {[%clk 0:32:29]} 22. fxe4 {[%clk 0:49:43]} Qh4
{[%clk 0:32:51]} 23. Rxf8+ {[%clk 0:43:54]} Rxf8 {[%clk 0:33:16]} 24. Qe3
{[%clk 0:43:57]} Nh5 {[%clk 0:33:25]} 25. c5 {[%clk 0:37:57]} Nf6
{[%clk 0:29:45]} 26. Nf2 {[%clk 0:35:08]} Qf4 {[%clk 0:11:47]} 27. Qxf4
{[%clk 0:29:21]} exf4 {[%clk 0:12:07]} 28. h4 {[%clk 0:20:30]} Re8
{[%clk 0:08:58]} 29. cxd6 {[%clk 0:19:09]} cxd6 {[%clk 0:09:25]} 30. Rc1
{[%clk 0:19:09]} Nxe4 {[%clk 0:07:19]} 31. Re1 {[%clk 0:16:32]} Nf6
{[%clk 0:07:45]} 32. Rxe8+ {[%clk 0:16:59]} Nxe8 {[%clk 0:08:11]} 33. Ne4
{[%clk 0:14:11]} g5 {[%clk 0:00:59]} 34. hxg5 {[%clk 0:07:26]} Kg7
{[%clk 0:01:27]} 35. Kf2 {[%clk 0:06:53]} Kg6 {[%clk 0:01:55]} 36. Kf3
{[%clk 0:07:17]} Kf5 {[%clk 0:02:22]} 37. b5 {[%clk 0:07:07]} b6 {[%clk 0:01:48]}
38. Nd2 {[%clk 0:06:11]} Nc7 {[%clk 0:02:10]} 39. Nc4 {[%clk 0:06:38]} Nxb5
{[%clk 0:02:12]} 40. Nxb6 {[%clk 0:37:03]} Nd4+ {[%clk 0:32:13]} 41. Kf2
{[%clk 0:37:28]} Kxg5 {[%clk 0:32:09]} 42. Nc4 {[%clk 0:32:40]} Nb5
{[%clk 0:31:33]} 43. Kf3 {[%clk 0:20:18]} Kf5 {[%clk 0:30:22]} 44. g3
{[%clk 0:19:10]} fxg3 {[%clk 0:29:32]} 45. Kxg3 {[%clk 0:19:37]} Ke4
{[%clk 0:29:28]} 46. Kg4 {[%clk 0:18:26]} Kxd5 {[%clk 0:29:54]} 47. Nb6+
{[%clk 0:18:20]} Kc6 {[%clk 0:26:33]} 48. Nc8 {[%clk 0:18:28]} Nd4
{[%clk 0:23:32]} 49. Kg5 {[%clk 0:17:02]} Ne6+ {[%clk 0:23:56]} 50. Kf6
{[%clk 0:14:23]} Nf8 {[%clk 0:24:12]} 51. Ne7+ {[%clk 0:05:37]} Kc5
{[%clk 0:23:39]} 52. Nf5 {[%clk 0:06:02]} d5 {[%clk 0:23:08]} 53. Ne3
{[%clk 0:06:25]} d4 {[%clk 0:22:15]} 54. Nd1 {[%clk 0:06:48]} Kd5
{[%clk 0:16:27]} 55. Kg7 {[%clk 0:03:42]} d3 {[%clk 0:16:04]} 56. Kxf8
{[%clk 0:02:49]} h5 {[%clk 0:15:40]} 57. Kf7 {[%clk 0:02:59]} h4 {[%clk 0:15:04]}
58. Kf6 {[%clk 0:03:27]} h3 {[%clk 0:15:10]} 59. Kf5 {[%clk 0:03:53]} h2
{[%clk 0:15:24]} 60. Nf2 {[%clk 0:04:20]} d2 {[%clk 0:15:38]} 61. Kf4
{[%clk 0:04:45]} h1=Q {[%clk 0:15:38]} 62. Nxh1 {[%clk 0:05:12]} d1=Q
{[%clk 0:15:54]} 63. Ng3 {[%clk 0:05:37]} Qe1 {[%clk 0:15:44]} 64. Kf3
{[%clk 0:05:59]} Ke5 {[%clk 0:16:10]} 65. Ne2 {[%clk 0:06:21]} Qf1+
{[%clk 0:16:27]} 66. Ke3 {[%clk 0:06:49]} Qh3+ {[%clk 0:16:45]} 67. Kd2
{[%clk 0:07:04]} Ke4 {[%clk 0:17:06]} 68. Nc3+ {[%clk 0:07:30]} Kd4
{[%clk 0:17:28]} 69. Ne2+ {[%clk 0:07:58]} Kc4 {[%clk 0:17:55]} 70. Ke1
{[%clk 0:08:22]} Qe3 {[%clk 0:18:04]} 71. Kf1 {[%clk 0:08:47]} Kd3
{[%clk 0:18:11]} 72. Ng1 {[%clk 0:09:13]} Qg3 {[%clk 0:18:20]} 0-1

[Event "High League 2022 women"]
[Site "Obninsk"]
[Date "2022.06.29"]
[Round "4.10"]
[White "Filippova, Margarita"]
[Black "Fominykh, Maria"]
[Result "1-0"]
[LiveChessVersion "1.4.7"]
[BlackElo "2219"]
[WhiteElo "1955"]

1. d4 {[%clk 1:30:57]} Nf6 {[%clk 1:30:23]} 2. c4 {[%clk 1:31:20]} g6
{[%clk 1:29:55]} 3. Nc3 {[%clk 1:31:45]} Bg7 {[%clk 1:30:04]} 4. e4
{[%clk 1:32:10]} d6 {[%clk 1:30:04]} 5. Be2 {[%clk 1:32:30]} O-O {[%clk 1:28:46]}
6. Be3 {[%clk 1:32:54]} e5 {[%clk 1:19:43]} 7. d5 {[%clk 1:33:09]} a5
{[%clk 1:19:21]} 8. g4 {[%clk 1:33:26]} Na6 {[%clk 1:18:25]} 9. g5
{[%clk 1:33:48]} Ne8 {[%clk 1:16:46]} 10. h4 {[%clk 1:33:58]} f5 {[%clk 1:15:31]}
11. gxf6 {[%clk 1:31:51]} Qxf6 {[%clk 1:14:28]} 12. Nf3 {[%clk 1:29:18]} c6
{[%clk 1:05:37]} 13. Qd2 {[%clk 1:25:26]} Nac7 {[%clk 0:57:45]} 14. Ng5
{[%clk 1:16:42]} h6 {[%clk 0:47:53]} 15. Nf3 {[%clk 1:13:11]} Bg4
{[%clk 0:37:45]} 16. Ng1 {[%clk 1:12:54]} Bxe2 {[%clk 0:29:27]} 17. Ngxe2
{[%clk 1:11:27]} Qf3 {[%clk 0:28:48]} 18. Ng3 {[%clk 1:03:23]} cxd5
{[%clk 0:24:15]} 19. exd5 {[%clk 1:00:24]} Rf4 {[%clk 0:23:01]} 20. b3
{[%clk 0:47:13]} Rg4 {[%clk 0:10:04]} 21. Nce2 {[%clk 0:44:42]} b5
{[%clk 0:08:07]} 22. Rc1 {[%clk 0:42:47]} bxc4 {[%clk 0:04:57]} 23. bxc4
{[%clk 0:36:34]} Nf6 {[%clk 0:04:23]} 24. Bb6 {[%clk 0:33:16]} Ne4
{[%clk 0:01:58]} 25. Qe3 {[%clk 0:32:59]} Qxe3 {[%clk 0:01:47]} 26. Bxe3
{[%clk 0:32:40]} Nxg3 {[%clk 0:01:41]} 27. Nxg3 {[%clk 0:33:04]} Na6
{[%clk 0:01:39]} 28. f3 {[%clk 0:31:51]} Rf4 {[%clk 0:00:56]} 29. Bxf4
{[%clk 0:31:19]} exf4 {[%clk 0:01:25]} 30. Ne4 {[%clk 0:31:07]} Be5
{[%clk 0:01:27]} 31. Kd2 {[%clk 0:30:25]} Rc8 {[%clk 0:01:45]} 32. Rhg1
{[%clk 0:28:13]} Kh7 {[%clk 0:00:43]} 33. Rb1 {[%clk 0:27:44]} Rxc4
{[%clk 0:00:44]} 34. Rb7+ {[%clk 0:28:09]} Rc7 {[%clk 0:00:33]} 35. Rgb1
{[%clk 0:27:24]} Rxb7 36. Rxb7+ {[%clk 0:27:50]} Kg8 {[%clk 0:00:52]} 37. Ra7
{[%clk 0:27:30]} Nc5 {[%clk 0:00:43]} 38. Nxc5 {[%clk 0:27:50]} dxc5
{[%clk 0:01:12]} 39. Rxa5 {[%clk 0:27:58]} c4 {[%clk 0:00:34]} 40. Ra6
{[%clk 0:57:00]} Kf7 {[%clk 0:30:49]} 41. h5 {[%clk 0:54:42]} g5 {[%clk 0:21:43]}
42. Rg6 {[%clk 0:53:56]} Bd4 {[%clk 0:14:24]} 43. a4 {[%clk 0:53:42]} Ke7
{[%clk 0:14:07]} 44. a5 {[%clk 0:52:26]} Kd7 {[%clk 0:13:38]} 45. a6
{[%clk 0:52:27]} Kc7 {[%clk 0:11:00]} 46. Rc6+ {[%clk 0:51:29]} 1-0

[Event "High League 2022 women"]
[Site "Obninsk"]
[Date "2022.06.29"]
[Round "4.11"]
[White "Gritsayeva, Oksana"]
[Black "Ivanova, Anastasia S."]
[Result "1/2-1/2"]
[LiveChessVersion "1.4.7"]
[BlackElo "1922"]
[WhiteElo "2309"]

1. d4 {[%clk 1:30:57]} Nf6 {[%clk 1:30:57]} 2. c4 {[%clk 1:31:22]} g6
{[%clk 1:31:22]} 3. Nc3 {[%clk 1:31:49]} d5 {[%clk 1:31:47]} 4. Nf3
{[%clk 1:29:40]} Bg7 {[%clk 1:31:51]} 5. cxd5 {[%clk 1:28:45]} Nxd5
{[%clk 1:32:13]} 6. Qa4+ {[%clk 1:28:59]} c6 {[%clk 1:25:36]} 7. Bg5
{[%clk 1:26:51]} h6 {[%clk 1:17:58]} 8. Bh4 {[%clk 1:25:01]} Nxc3
{[%clk 1:16:40]} 9. bxc3 {[%clk 1:25:25]} O-O {[%clk 1:14:27]} 10. Qa3
{[%clk 1:23:59]} Re8 {[%clk 1:13:12]} 11. e3 {[%clk 1:24:13]} Nd7
{[%clk 1:11:55]} 12. Bc4 {[%clk 1:19:56]} Nb6 {[%clk 1:06:11]} 13. Be2
{[%clk 1:19:19]} Qd6 {[%clk 0:59:09]} 14. Qb3 {[%clk 1:14:43]} Be6
{[%clk 0:57:21]} 15. c4 {[%clk 1:09:54]} c5 {[%clk 0:50:28]} 16. Bg3
{[%clk 1:07:10]} Qc6 {[%clk 0:45:02]} 17. Rc1 {[%clk 0:48:20]} cxd4
{[%clk 0:42:58]} 18. Nxd4 {[%clk 0:48:02]} Bxd4 {[%clk 0:36:16]} 19. exd4
{[%clk 0:48:26]} Rac8 {[%clk 0:30:11]} 20. Bf3 {[%clk 0:39:22]} Qd7
{[%clk 0:22:17]} 21. Qe3 {[%clk 0:32:22]} Nxc4 {[%clk 0:19:29]} 22. Qxh6
{[%clk 0:31:35]} Qxd4 {[%clk 0:11:57]} 23. Bxb7 {[%clk 0:27:21]} Rc5
{[%clk 0:05:40]} 24. O-O {[%clk 0:25:44]} Rh5 {[%clk 0:05:36]} 25. Qf4
{[%clk 0:26:00]} Qxf4 {[%clk 0:05:53]} 26. Bxf4 {[%clk 0:26:25]} Ra5
{[%clk 0:05:49]} 27. a4 {[%clk 0:23:58]} g5 {[%clk 0:04:17]} 28. Bc7
{[%clk 0:23:22]} Rc5 {[%clk 0:04:32]} 29. Bg3 {[%clk 0:23:38]} Bc8
{[%clk 0:04:03]} 30. Bf3 {[%clk 0:21:58]} Bd7 {[%clk 0:03:42]} 31. a5
{[%clk 0:16:16]} Be6 {[%clk 0:02:30]} 32. a6 {[%clk 0:14:49]} Ra5
{[%clk 0:02:11]} 33. Bb7 {[%clk 0:14:34]} Nd6 {[%clk 0:01:43]} 34. Rfd1
{[%clk 0:13:39]} Rd8 {[%clk 0:01:06]} 35. f3 {[%clk 0:11:17]} Rb5
{[%clk 0:01:00]} 36. Rb1 {[%clk 0:10:23]} Rxb1 {[%clk 0:01:00]} 37. Rxb1
{[%clk 0:10:47]} Bc4 {[%clk 0:00:41]} 38. Rb4 {[%clk 0:08:43]} Bd3
{[%clk 0:00:45]} 39. Rd4 {[%clk 0:06:52]} Bb5 {[%clk 0:00:40]} 40. Rd5
{[%clk 0:36:49]} Bc4 {[%clk 0:30:46]} 41. Rxg5+ {[%clk 0:36:31]} Kh7
{[%clk 0:28:17]} 42. Rc5 {[%clk 0:34:39]} Be6 {[%clk 0:25:57]} 43. Rc1
{[%clk 0:28:30]} Rd7 {[%clk 0:21:36]} 44. Rb1 {[%clk 0:24:34]} Bc4
{[%clk 0:20:06]} 45. Bf2 {[%clk 0:21:34]} Bb5 {[%clk 0:19:37]} 46. h4
{[%clk 0:16:37]} Nxb7 {[%clk 0:11:51]} 47. Rxb5 {[%clk 0:16:55]} Nd6
{[%clk 0:11:02]} 48. Rc5 {[%clk 0:16:37]} Ne8 {[%clk 0:08:38]} 49. Bg3
{[%clk 0:15:49]} f6 {[%clk 0:07:23]} 50. Rc6 {[%clk 0:13:35]} Ng7
{[%clk 0:06:16]} 51. Bf2 {[%clk 0:12:14]} Ne8 {[%clk 0:05:49]} 52. Bg3
{[%clk 0:12:03]} Ng7 {[%clk 0:05:53]} 53. Bb8 {[%clk 0:09:23]} Nf5
{[%clk 0:05:42]} 54. Rc5 {[%clk 0:06:50]} Nd4 {[%clk 0:05:54]} 55. Kf2
{[%clk 0:06:42]} Kg6 {[%clk 0:05:53]} 56. g4 {[%clk 0:06:25]} Kf7
{[%clk 0:05:48]} 57. Ke3 {[%clk 0:05:48]} Ne6 {[%clk 0:05:47]} 58. Rb5
{[%clk 0:05:36]} Nd8 {[%clk 0:05:50]} 59. Bg3 {[%clk 0:04:51]} e5
{[%clk 0:05:22]} 60. Rc5 {[%clk 0:03:57]} Ne6 {[%clk 0:05:17]} 61. Rc6
{[%clk 0:04:12]} Rc7 {[%clk 0:05:16]} 62. Rd6 {[%clk 0:02:29]} Ke7
{[%clk 0:05:38]} 63. Rd1 {[%clk 0:02:43]} Rc3+ {[%clk 0:05:25]} 64. Rd3
{[%clk 0:02:34]} Rxd3+ {[%clk 0:05:14]} 65. Kxd3 {[%clk 0:03:00]} Nc5+
{[%clk 0:05:41]} 66. Kc4 {[%clk 0:03:13]} Nxa6 {[%clk 0:06:08]} 67. Bf2
{[%clk 0:03:27]} Nc7 {[%clk 0:06:25]} 68. Bxa7 {[%clk 0:03:51]} Ne6
{[%clk 0:06:50]} 69. Kd5 {[%clk 0:03:47]} Kf7 {[%clk 0:06:35]} 70. Be3
{[%clk 0:03:48]} Nc7+ {[%clk 0:06:39]} 71. Kc6 {[%clk 0:03:51]} Ne8
{[%clk 0:06:36]} 72. h5 {[%clk 0:03:18]} Ng7 {[%clk 0:02:04]} 73. Kd5
{[%clk 0:01:37]} Ne6 {[%clk 0:01:50]} 74. Ke4 {[%clk 0:01:38]} Ng7
{[%clk 0:02:01]} 75. h6 {[%clk 0:01:15]} Ne6 {[%clk 0:02:15]} 76. Kf5
{[%clk 0:01:30]} Nf8 {[%clk 0:02:12]} 77. Bc5 {[%clk 0:01:10]} Ng6
{[%clk 0:02:18]} 78. Bf2 {[%clk 0:00:43]} Ne7+ {[%clk 0:02:39]} 79. Ke4
{[%clk 0:01:10]} Kg6 {[%clk 0:02:57]} 80. Bc5 {[%clk 0:01:21]} Nc6
{[%clk 0:02:13]} 81. Kd5 {[%clk 0:01:25]} Nd8 {[%clk 0:02:22]} 82. Be7
{[%clk 0:01:13]} Nf7 {[%clk 0:02:38]} 83. h7 {[%clk 0:01:28]} Kg7
{[%clk 0:01:30]} 84. Kc6 {[%clk 0:00:57]} Kxh7 {[%clk 0:01:14]} 85. Bxf6
{[%clk 0:01:20]} Kg6 {[%clk 0:01:42]} 86. Bh4 {[%clk 0:01:08]} e4
{[%clk 0:01:47]} 87. f4 {[%clk 0:01:10]} Nh6 {[%clk 0:01:56]} 88. f5+
{[%clk 0:00:52]} Kf7 {[%clk 0:02:12]} 89. Kd5 {[%clk 0:01:10]} e3
{[%clk 0:02:30]} 90. Ke4 {[%clk 0:01:24]} Nxg4 {[%clk 0:02:55]} 91. Kf3
{[%clk 0:01:44]} Nh6 {[%clk 0:03:21]} 1/2-1/2

[Event "High League 2022 women"]
[Site "Obninsk"]
[Date "2022.06.29"]
[Round "4.12"]
[White "Paramzina, Anastasya"]
[Black "Getman, Tatyana"]
[Result "1-0"]
[LiveChessVersion "1.4.7"]
[BlackElo "2148"]
[WhiteElo "2256"]

1. e4 {[%clk 1:27:09]} c5 {[%clk 1:30:53]} 2. Nf3 {[%clk 1:27:35]} d6
{[%clk 1:31:14]} 3. d4 {[%clk 1:28:03]} cxd4 {[%clk 1:31:33]} 4. Nxd4
{[%clk 1:28:29]} Nf6 {[%clk 1:31:51]} 5. Nc3 {[%clk 1:28:57]} a6 {[%clk 1:32:11]}
6. Be3 {[%clk 1:29:25]} e5 {[%clk 1:32:19]} 7. Nb3 {[%clk 1:29:50]} Be6
{[%clk 1:32:29]} 8. f3 {[%clk 1:30:15]} h5 {[%clk 1:32:37]} 9. Qd2
{[%clk 1:30:42]} Nbd7 {[%clk 1:32:39]} 10. O-O-O {[%clk 1:31:03]} Be7
{[%clk 1:32:24]} 11. Kb1 {[%clk 1:31:17]} Rc8 {[%clk 1:32:14]} 12. Bd3
{[%clk 1:31:12]} b5 {[%clk 1:30:21]} 13. h3 {[%clk 1:31:14]} h4 {[%clk 1:29:56]}
14. f4 g6 {[%clk 1:21:03]} 15. a3 {[%clk 1:29:25]} Nh5 {[%clk 1:09:49]} 16. f5
{[%clk 1:21:35]} gxf5 {[%clk 1:09:49]} 17. exf5 {[%clk 1:21:59]} Bc4
{[%clk 1:07:24]} 18. Qf2 {[%clk 1:15:51]} Nhf6 {[%clk 0:58:13]} 19. Bxc4
{[%clk 1:11:26]} bxc4 {[%clk 0:55:36]} 20. Nc1 {[%clk 1:11:48]} Qa5
{[%clk 0:51:10]} 21. Qf3 {[%clk 0:58:17]} Rb8 {[%clk 0:43:09]} 22. Ba7
{[%clk 0:44:34]} Rc8 {[%clk 0:32:24]} 23. N1a2 {[%clk 0:42:54]} Qc7
{[%clk 0:30:09]} 24. Bf2 {[%clk 0:41:27]} a5 {[%clk 0:27:08]} 25. Nb5
{[%clk 0:24:14]} Qc6 {[%clk 0:24:56]} 26. Qxc6 {[%clk 0:24:41]} Rxc6
{[%clk 0:25:20]} 27. Be1 {[%clk 0:25:05]} Ne4 {[%clk 0:21:18]} 28. Rf1
{[%clk 0:24:06]} Bd8 {[%clk 0:20:22]} 29. Nac3 {[%clk 0:22:33]} Ndf6
{[%clk 0:19:53]} 30. Nd5 Nxd5 {[%clk 0:18:52]} 31. Rxd5 {[%clk 0:15:11]} Ke7
{[%clk 0:14:01]} 32. Nc3 {[%clk 0:14:36]} Nxc3+ {[%clk 0:13:46]} 33. Bxc3
{[%clk 0:15:03]} Ra6 {[%clk 0:12:59]} 34. Re1 {[%clk 0:08:46]} Rh5
{[%clk 0:10:54]} 35. Re4 {[%clk 0:08:13]} Rxf5 {[%clk 0:11:01]} 36. Rxc4
{[%clk 0:08:34]} Rf1+ {[%clk 0:09:23]} 37. Ka2 {[%clk 0:08:55]} Rf2
{[%clk 0:06:06]} 38. Rd2 {[%clk 0:06:56]} Rxd2 {[%clk 0:06:31]} 39. Bxd2
{[%clk 0:07:24]} Ke6 {[%clk 0:32:09]} 40. Be1 {[%clk 0:33:33]} d5
{[%clk 0:27:56]} 41. Rg4 e4 42. c3 {[%clk 0:33:20]} Kf5 {[%clk 0:20:20]} 43. Kb3
{[%clk 0:32:05]} a4+ {[%clk 0:18:39]} 44. Kc2 {[%clk 0:32:21]} Rg6
{[%clk 0:11:51]} 45. Rxg6 {[%clk 0:32:47]} fxg6 {[%clk 0:12:16]} 46. Bf2
{[%clk 0:27:19]} Bg5 {[%clk 0:12:06]} 47. b3 {[%clk 0:25:44]} axb3+
{[%clk 0:11:54]} 48. Kxb3 {[%clk 0:26:07]} e3 {[%clk 0:09:48]} 49. Be1
{[%clk 0:26:33]} Bd8 {[%clk 0:07:21]} 50. a4 {[%clk 0:24:54]} g5 {[%clk 0:03:12]}
51. c4 {[%clk 0:13:45]} d4 {[%clk 0:02:42]} 52. a5 {[%clk 0:14:04]} d3
{[%clk 0:01:07]} 53. Bb4 {[%clk 0:14:24]} Ke6 {[%clk 0:00:39]} 54. a6
{[%clk 0:13:02]} Bb6 {[%clk 0:01:06]} 55. c5 {[%clk 0:13:27]} Ba7
{[%clk 0:01:27]} 56. c6 {[%clk 0:13:52]} d2 {[%clk 0:00:40]} 57. Kc2
{[%clk 0:14:14]} Bb6 {[%clk 0:00:38]} 58. Kd1 {[%clk 0:12:01]} Ba7
{[%clk 0:01:05]} 59. Ke2 {[%clk 0:12:16]} Bb6 {[%clk 0:01:30]} 60. Ba5
{[%clk 0:10:23]} Bc5 {[%clk 0:01:36]} 61. Bc7 {[%clk 0:08:01]} Ba7
{[%clk 0:00:32]} 62. Bb8 {[%clk 0:07:43]} Bb6 {[%clk 0:00:32]} 63. a7
{[%clk 0:06:55]} Bxa7 64. Bxa7 {[%clk 0:07:21]} Kd6 {[%clk 0:01:20]} 65. Bxe3
{[%clk 0:07:42]} Kd5 1-0